Trestní odpovědnost hospodářských pracovníků /

Uložené v:
Podrobná bibliografia
Hlavný autor: Jestřáb, Miloš, 1927- (Author)
Médium: Kniha
Jazyk:Czech
Vydané: Praha : Nakladatelství politické literatury, 1966.
Vydanie:1. vydání
Edícia:Za vyšší úroveň plánovitého řízení
Fyzický popis: 84 strán.
Tagy: Pridať tag
Žiadne tagy, Buďte prvý kto otaguje tento záznam!

MARC

LEADER 00000nam a22000004a 4500
001 000525965
005 20210120083751.0
008 161031s1966 xr e 000 0 cze d
020 |c Kčs 2,00  |q (brožované) 
040 |a SVKKK  |b slo  |c SVKKK  |e rda 
041 0 |a cze 
044 |a xr  |c CZ 
100 1 |a Jestřáb, Miloš,  |d 1927-  |4 aut 
245 1 0 |a Trestní odpovědnost hospodářských pracovníků /  |c Miloš Jestřáb. 
250 |a 1. vydání 
264 1 |a Praha :  |b Nakladatelství politické literatury,  |c 1966. 
300 |a 84 strán. 
336 |a text  |b txt  |2 rdacontent 
337 |a bez média  |b n  |2 rdamedia 
338 |a zväzok  |b nc  |2 rdacarrier 
490 1 |a Za vyšší úroveň plánovitého řízení  |v svazek 17 
500 |a Záznam revízie 
830 0 |a Za vyšší úroveň plánovitého řízení 
910 |a svkkk 
998 |a BK 
090 |g SCKHL  |k Sklad Pribinova 2. posch.  |a III.92205  |j 371894  |i 2720681801  |s Absenčne 
090 |g SCKHL  |k Sklad Pribinova 2. posch.  |a III.92272  |j 382265  |i 2720681833  |s Povinný výt. 
090 |g SCKHL  |k Sklad Pribinova 2. posch.  |a III.93018  |j 375522  |i 2720676471  |4 Multiplikát  |s Vyradená 
090 |g SCKHL  |k Sklad Pribinova 2. posch.  |a X0.6294  |j 027912  |i 2720357278  |4 Multiplikát  |s Vyradená